| 000 | 01368nkm a2200313 i 4500 | ||
|---|---|---|---|
| 001 | 3008 | ||
| 003 | ES-MaACL | ||
| 005 | 20251009191550.0 | ||
| 007 | khrbo | ||
| 008 | 041105s1981 sp --- g |001||spa d | ||
| 100 | 0 |
_aAlfonso, _d1902-1990 _919858 |
|
| 245 | 1 | 3 |
_aLa literatura y sus editores [ _hFotografía] / _cAlfonso (sello). |
| 260 |
_a[S.l. : _bs.n.], _c1981. |
||
| 300 |
_a2 fot. : _bb. y n. ; _c12,5 x 18 cm. |
||
| 500 | _aDatos basados en invitación. | ||
| 511 | 0 | _aIntervienen: Francisco Ynduraín, Jesús Munárriz, Gustavo Domínguez, Francisco García Pavón, Nicasio Salvador, Antonio Prieto. | |
| 518 | _aActo organizado por la Sección de Literatura del Ateneo de Madrid, celebrado en el salón de actos el jueves 5 de febrero de 1981, a las 19:30 h. | ||
| 600 | 1 | 7 |
_aYnduráin, Francisco, _d1910-1994 _2embne _9117648 |
| 600 | 1 | 4 |
_aMunárriz, Jesús. _984170 |
| 600 | 1 | 4 |
_aDomínguez, Gustavo. _945163 |
| 600 | 1 | 4 |
_aGarcía, Francisco. _954024 |
| 600 | 1 | 4 |
_aSalvador, Nicasio. _9102079 |
| 600 | 1 | 7 |
_aPrieto, Antonio, _d1930- _2 _9151033 |
| 610 | 2 | 4 |
_aAteneo de Madrid- _xActos culturales- _y1981- _vFotografías. _91892 |
| 710 | 2 |
_aAteneo de Madrid. _bSección de Literatura. _91997 |
|
| 852 |
_aES-MaACL _jFOT 41/1981 |
||
| 856 | 4 |
_uhttp://www.ateneodemadrid.net/biblioteca_digital/imagenes/00041-1981.jpg _zVer imagen |
|
| 999 |
_c3008 _d3008 |
||